|
|
|
|
| LEADER |
00000nam0a2200000 4500 |
| 001 |
289872 |
| 005 |
20231102000228.0 |
| 035 |
|
|
|a (RuTPU)RU\TPU\book\314393
|
| 090 |
|
|
|a 289872
|
| 100 |
|
|
|a 20150403d1968 m y0rusy50 ca
|
| 101 |
0 |
|
|a rus
|
| 102 |
|
|
|a RU
|
| 105 |
|
|
|a a j 001zy
|
| 200 |
1 |
|
|a Лекции по физиологии нервной системы
|e учебное пособие для вузов
|f Л. В. Латманизова
|
| 205 |
|
|
|a 2-е изд.
|
| 210 |
|
|
|a Москва
|c Высшая школа
|d 1968
|
| 215 |
|
|
|a 312 с.
|c ил.
|
| 320 |
|
|
|a Библиогр.: с. 310.
|
| 606 |
1 |
|
|a Нервная система
|x Физиология
|2 stltpush
|3 (RuTPU)RU\TPU\subj\45509
|9 64708
|
| 610 |
1 |
|
|a возбуждение
|
| 610 |
1 |
|
|a подвижность
|
| 610 |
1 |
|
|a раздражение
|
| 610 |
1 |
|
|a нейроны
|
| 610 |
1 |
|
|a синапсы
|
| 610 |
1 |
|
|a рефлексы
|
| 610 |
1 |
|
|a головной мозг
|
| 610 |
1 |
|
|a спинной мозг
|
| 610 |
1 |
|
|a условные рефлексы
|
| 610 |
1 |
|
|a патология
|
| 610 |
1 |
|
|a анализаторы
|
| 610 |
1 |
|
|a учебные пособия
|
| 675 |
|
|
|a 612.8(075.8)
|v 3
|
| 700 |
|
1 |
|a Латманизова
|b Л. В.
|g Людмила Владимировна
|
| 801 |
|
1 |
|a RU
|b 63413507
|c 20150403
|
| 801 |
|
2 |
|a RU
|b 63413507
|c 20170921
|g RCR
|
| 942 |
|
|
|c BK
|